000 00447nmm a2200157Ia 4500
008 251105s9999||||xx |||||||||||||||||und||
020 _a9788416110605
041 _aspa
100 _aGonzález de Aledo Linos, Álvaro
245 0 _aO sea que el amor era esto
264 _a[Madrid, España] :
_bExLibric,
_c2015
300 _a107 páginas
650 _aSpanish poetry
856 _uhttps://public.digitaliapublishing.com/a/85388
942 _cCF
999 _c77268
_d77268